00489nam a22001697a 450000500170000001000150001702000260003203500130005803700130007108200110008424500280009525000110012326000570013427000860019130000230027750000190030020100816101843.0 aENG-100423 a9789380077055c100.00 aEN-83956 bDBAD/PUB a641.63 aMeals with vegetables / a3rd ed aNew DelhibScience of the Soul Research Centrec2009 aC/o Radha Soami Satsang Beas 5 Guru Ravi Dass Marag, Pusa RoadbNew Delhie110005 a234 p.c22 cm(pbk) aIncluded index